[Event "CombServices"]
[Site "?"]
[Date "1977.??.??"]
[Round "?"]
[White "Brameld, Arthur F"]
[Black "Visser, K."]
[Result "0-1"]
[WhiteElo "2125"]
[BlackElo "2030"]
[PlyCount "56"]
[EventDate "1977.??.??"]
[EventType "game"]

1. e4 c5 2. Nf3 d6 3. d4 cxd4 4. Qxd4 a6 5. Be3 Nc6 6. Qb6 Qxb6 7. Bxb6 g6 8. Nc3 Nf6 9. Rd1 Bg4 10. Be2 Rc8 11. O-O Bg7 12. Rfe1 Bxf3 13. Bxf3 Nd7 14. Na4 Bxb2 15. Bg4 Nce5 16. Bh3 Rxc2 17. f4 Nxb6 18. Nxb6 Nc6 19. Nd5 Bd4+ 20. Kh1 e6 21. Rb1 O-O 22. Nc7 Na5 23. Rec1 Rxc1+ 24. Rxc1 Rc8 25. f5 exf5 26. exf5 Bb6 27. fxg6 Rxc7 28. gxf7+ Kxf7 0-1

[Event "Ports Lge"]
[Site "?"]
[Date "1977.??.??"]
[Round "?"]
[White "Gregory, Keith DF"]
[Black "Brameld, Arthur F"]
[Result "0-1"]
[WhiteElo "2085"]
[BlackElo "2125"]
[PlyCount "61"]
[EventDate "1977.??.??"]
[EventType "swiss"]

1. d4 Nf6 2. Bf4 d6 3. f3 d5 4. e4 dxe4 5. Nc3 Bf5 6. Bc4 e6 7. Qd2 Bb4 8. a3 Ba5 9. b4 Bb6 10. d5 exd5 11. Bxd5 exf3 12. Nxf3 c6 13. Qe2+ Qe7 14. Qxe7+ Kxe7 15. Bb3 Rd8 16. Rf1 Kf8 17. Na4 Na6 18. Nxb6 axb6 19. Kf2 Nd5 20. Be5 f6 21. Bb2 Nac7 22. Nd4 Bg6 23. Rae1 Bf7 24. Nf5 b5 25. Kg1 Rd7 26. g3 Nb6 27. Bxf7 Kxf7 28. Rf3 Nc4 29. Bc1 Rad8 30. Kg2 Ne5 31. Rff1 0-1

[Event "Hants Lge"]
[Site "?"]
[Date "1977.??.??"]
[Round "?"]
[White "Crossin, Austin D"]
[Black "Brameld, Arthur F"]
[Result "1-0"]
[WhiteElo "1805"]
[BlackElo "2125"]
[PlyCount "72"]
[EventDate "1977.??.??"]
[EventType "game"]

1. Nf3 Nf6 2. g3 b5 3. Bg2 Bb7 4. d3 d5 5. Bg5 Nbd7 6. Nbd2 e6 7. e4 h6 8. Bxf6 Qxf6 9. c3 b4 10. Rb1 Nc5 11. Qc2 Ba6 12. c4 dxc4 13. Nxc4 Rb8 14. d4 b3 15. axb3 Nxb3 16. O-O Rb4 17. Nd6+ Bxd6 18. Qc6+ Kd8 19. Qxa6 Nxd4 20. Nxd4 Rxd4 21. Qxa7 Ke7 22. f4 Rd2 23. e5 Bxe5 24. fxe5 Qxe5 25. Qa3+ Qd6 26. Rfd1 Rxd1+ 27. Rxd1 Qxa3 28. bxa3 Rd8 29. Rxd8 Kxd8 30. Bc6 Kc8 31. Kf2 f6 32. Ke3 Kb8 33. Ke4 Ka7 34. Kd4 Kb6 35. Be8 e5+ 36. Kd5 Ka5 1-0

[Event "FareCh"]
[Site "?"]
[Date "1978.??.??"]
[Round "?"]
[White "Brameld, Arthur F"]
[Black "Kane, Ron"]
[Result "1-0"]
[WhiteElo "2125"]
[BlackElo "1660"]
[PlyCount "33"]
[EventDate "1978.??.??"]
[EventType "simul"]
[EventRounds "4"]

1. e4 g6 2. d4 Bg7 3. Nc3 d6 4. f4 e6 5. Nf3 Nf6 6. Bd3 O-O 7. O-O Nbd7 8. e5 Ne8 9. Be3 Nb6 10. Ng5 f6 11. Nxh7 f5 12. Nxf8 Bxf8 13. Qf3 Ng7 14. Rad1 d5 15. b3 Bb4 16. Ne2 Be7 17. g4 1-0

[Event "FareCh"]
[Site "?"]
[Date "1978.??.??"]
[Round "?"]
[White "Goddard, David C"]
[Black "Brameld, Arthur F"]
[Result "0-1"]
[WhiteElo "1695"]
[BlackElo "2125"]
[PlyCount "46"]
[EventDate "1978.??.??"]
[EventType "simul"]
[EventRounds "4"]

1. e4 c5 2. Nf3 Nc6 3. d4 cxd4 4. Nxd4 e6 5. Nc3 Qc7 6. Be3 a6 7. Be2 b5 8. a3 Bb7 9. O-O Rc8 10. Qd2 Nf6 11. f3 Nxd4 12. Bxd4 Bd6 13. Rad1 Bxh2+ 14. Kh1 Bf4 15. Qd3 h5 16. g3 Bxg3 17. f4 Bxf4 18. Bxf6 gxf6 19. Rxf4 Qxf4 20. Qxd7+ Kf8 21. Qxb7 Qh4+ 22. Kg2 Rg8+ 23. Kf1 Qf4+ 0-1

[Event "Ports Lge"]
[Site "?"]
[Date "1978.??.??"]
[Round "?"]
[White "Charvill, John"]
[Black "Brameld, Arthur F"]
[Result "1/2-1/2"]
[WhiteElo "1820"]
[BlackElo "2125"]
[PlyCount "61"]
[EventDate "1978.??.??"]
[EventType "swiss"]

1. c4 Nf6 2. g3 g6 3. Bg2 Bg7 4. Nf3 O-O 5. O-O d6 6. Nc3 e5 7. d3 Nc6 8. e3 Bd7 9. Rb1 a5 10. a3 Qc8 11. Nb5 Na7 12. Nxa7 Rxa7 13. Bd2 b5 14. b4 bxc4 15. dxc4 Bf5 16. Rc1 axb4 17. axb4 Bd3 18. Re1 Qa6 19. c5 Rb8 20. Bc3 e4 21. Nd4 Rba8 22. Bf1 Nd5 23. Bxd3 exd3 24. Qb3 Nxc3 25. Qxc3 dxc5 26. bxc5 Bxd4 27. exd4 Qf6 28. Qxd3 Ra2 29. Qe3 R8a3 30. Qe8+ Kg7 31. Qe5 1/2-1/2

[Event "Ports Lge"]
[Site "?"]
[Date "1978.??.??"]
[Round "?"]
[White "Brameld, Arthur F"]
[Black "Wheeler, John F"]
[Result "1-0"]
[WhiteElo "2125"]
[BlackElo "2085"]
[PlyCount "47"]
[EventDate "1978.??.??"]
[EventType "swiss"]

1. e4 e5 2. Nf3 Nf6 3. Nc3 Bb4 4. Bc4 Nc6 5. d3 d5 6. exd5 Nxd5 7. Bd2 Nxc3 8. bxc3 Be7 9. h3 O-O 10. Qe2 Qd6 11. O-O Be6 12. Bxe6 Qxe6 13. Rfe1 Bf6 14. Bg5 Rfe8 15. Bxf6 gxf6 16. Nh4 f5 17. Qh5 Ne7 18. Rab1 b6 19. f4 f6 20. Re3 Kh8 21. Rbe1 Nd5 22. Ng6+ Kg8 23. Rg3 e4 24. Qh6 1-0

[Event "Ports Lge"]
[Site "?"]
[Date "1978.??.??"]
[Round "?"]
[White "Littlewood, Paul"]
[Black "Brameld, Arthur F"]
[Result "1-0"]
[WhiteElo "2390"]
[BlackElo "2125"]
[PlyCount "61"]
[EventDate "1978.??.??"]
[EventType "swiss"]

1. e4 Nf6 2. e5 Nd5 3. d4 d6 4. c4 Nb6 5. f4 dxe5 6. fxe5 Bf5 7. Nc3 e6 8. Nf3 Be7 9. Be2 O-O 10. O-O f6 11. Be3 Nc6 12. exf6 Bxf6 13. Qd2 Qe7 14. Rad1 Rad8 15. b3 Nxd4 16. Nxd4 Bxd4 17. Bxd4 c5 18. Qe3 cxd4 19. Rxd4 Qc5 20. Rfd1 Rc8 21. Ne4 Bxe4 22. Rxe4 Qxe3+ 23. Rxe3 Rf6 24. Bf3 Rb8 25. c5 Nd5 26. Bxd5 exd5 27. Rxd5 Rbf8 28. h3 Rf2 29. Rd7 Rxa2 30. Ree7 Ra1+ 31. Kh2 1-0

[Event "RNCC"]
[Site "?"]
[Date "1978.??.??"]
[Round "2"]
[White "Brameld, Arthur F"]
[Black "Williamson, N."]
[Result "1-0"]
[WhiteElo "2125"]
[BlackElo "2780"]
[PlyCount "51"]
[EventDate "1978.??.??"]
[EventType "simul"]
[EventRounds "6"]

1. e4 c5 2. Nf3 Nc6 3. b4 Nxb4 4. c3 Nc6 5. d4 e6 6. d5 exd5 7. exd5 Qe7+ 8. Be2 Ne5 9. O-O g6 10. Nxe5 Qxe5 11. Re1 Qd6 12. Bc4+ Be7 13. Qf3 Kf8 14. Bf4 Qf6 15. d6 Bd8 16. Qe3 Ne7 17. Bh6+ Ke8 18. dxe7 Bc7 19. Bg5 Qd6 20. Bxf7+ Kxf7 21. e8=Q+ Rxe8 22. Qxe8+ Kg7 23. Re7+ Qxe7 24. Qxe7+ Kg8 25. Bh6 Be5 26. Qf8# 1-0

[Event "RNCC"]
[Site "?"]
[Date "1978.??.??"]
[Round "4"]
[White "Brameld, Arthur F"]
[Black "Kane, Ron"]
[Result "1-0"]
[WhiteElo "2125"]
[BlackElo "1660"]
[PlyCount "73"]
[EventDate "1978.??.??"]
[EventType "simul"]
[EventRounds "6"]

1. e4 b6 2. Nc3 Bb7 3. g3 e6 4. Bg2 Nf6 5. Nge2 Be7 6. O-O c5 7. e5 Bxg2 8. exf6 Bxf1 9. fxe7 Qxe7 10. Qxf1 Nc6 11. d3 d5 12. a3 O-O 13. Bd2 f5 14. Re1 d4 15. Nd1 e5 16. Nf4 e4 17. dxe4 fxe4 18. Qc4+ Qf7 19. Qxf7+ Rxf7 20. Rxe4 Re7 21. Rxe7 Nxe7 22. b3 Re8 23. h4 Nf5 24. Nb2 Nd6 25. f3 Nf5 26. Kf2 Nd6 27. a4 Kf7 28. Nfd3 c4 29. bxc4 Rc8 30. Bf4 Ke6 31. Bxd6 Kxd6 32. f4 a6 33. Kf3 b5 34. axb5 axb5 35. cxb5 Kd5 36. Na4 Rb8 37. b6 1-0

[Event "RNCC"]
[Site "?"]
[Date "1978.??.??"]
[Round "5"]
[White "Brameld, Arthur F"]
[Black "Street, Martin"]
[Result "1-0"]
[WhiteElo "2125"]
[BlackElo "1830"]
[PlyCount "45"]
[EventDate "1978.??.??"]
[EventType "simul"]
[EventRounds "6"]

1. e4 b6 2. d4 Bb7 3. Nc3 e6 4. Nf3 Bb4 5. Bd3 Nf6 6. Qe2 d5 7. e5 Ne4 8. Bd2 Nxc3 9. bxc3 Be7 10. O-O O-O 11. Ng5 Bxg5 12. Qh5 h6 13. f4 g6 14. Bxg6 fxg6 15. Qxg6+ Kh8 16. fxg5 Qe7 17. Rxf8+ Qxf8 18. Rf1 Qxf1+ 19. Kxf1 Ba6+ 20. Kg1 Nd7 21. Qxh6+ Kg8 22. g6 Nf8 23. Bg5 1-0

[Event "RNCC"]
[Site "?"]
[Date "1978.??.??"]
[Round "6"]
[White "Miller, D."]
[Black "Brameld, Arthur F"]
[Result "0-1"]
[WhiteElo "1760"]
[BlackElo "2125"]
[PlyCount "66"]
[EventDate "1978.??.??"]
[EventType "simul"]
[EventRounds "6"]

1. e4 Nf6 2. e5 Nd5 3. c4 Nb6 4. d4 d6 5. f4 g5 6. Nc3 Bg7 7. Qh5 gxf4 8. Nf3 h6 9. Bxf4 Qd7 10. c5 dxc5 11. dxc5 Nd5 12. O-O-O Nxf4 13. Rxd7 Nxh5 14. Rxc7 O-O 15. Nd5 Nc6 16. Nxe7+ Nxe7 17. Rxe7 Nf4 18. Bc4 Ng6 19. Rc7 Bg4 20. Rxb7 Bxf3 21. gxf3 Nxe5 22. Be2 Rfc8 23. Kb1 Rxc5 24. f4 Nc4 25. Rd1 Rac8 26. Bxc4 Rxc4 27. f5 Rf4 28. Rb5 Rf2 29. h4 Rcc2 30. Rg1 Rxb2+ 31. Rxb2 Rxb2+ 32. Kc1 Rxa2 33. Kb1 Ra1+ 0-1

[Event "RNCC"]
[Site "?"]
[Date "1978.??.??"]
[Round "7"]
[White "Hindle, J Grant"]
[Black "Brameld, Arthur F"]
[Result "0-1"]
[WhiteElo "1630"]
[BlackElo "2125"]
[PlyCount "86"]
[EventDate "1978.??.??"]
[EventType "simul"]
[EventRounds "6"]

1. e4 Nf6 2. Nc3 d5 3. e5 Ne4 4. Nxe4 dxe4 5. d4 exd3 6. Qxd3 Qxd3 7. Bxd3 Nc6 8. f4 Be6 9. Nf3 O-O-O 10. Bd2 Bd5 11. Bc3 Bxf3 12. gxf3 e6 13. O-O-O Bc5 14. f5 Bd4 15. Bxd4 Rxd4 16. Rhe1 Rf4 17. fxe6 fxe6 18. Be4 Rhf8 19. Rd3 Nxe5 20. Bxb7+ Kxb7 21. Rxe5 Rxf3 22. Rxe6 Rxd3 23. cxd3 Rf1+ 24. Kd2 Rf2+ 25. Re2 Rxe2+ 26. Kxe2 Kc6 27. Ke3 Kd5 28. a3 c5 29. h4 a5 30. b3 Ke5 31. h5 Kd5 32. d4 cxd4+ 33. Kd3 g5 34. hxg6 hxg6 35. b4 a4 36. b5 Kc5 37. b6 Kxb6 38. Kc4 d3 39. Kxd3 Kc5 40. Kc3 g5 41. Kd3 g4 42. Ke3 Kc4 43. Kf4 Kb3 0-1

[Event "Ports Lge"]
[Site "?"]
[Date "1978.??.??"]
[Round "?"]
[White "Brameld, Arthur F"]
[Black "Crossin, Austin D"]
[Result "0-1"]
[WhiteElo "2125"]
[BlackElo "1805"]
[PlyCount "54"]
[EventDate "1978.??.??"]
[EventType "swiss"]

1. e4 e6 2. d4 d5 3. Nc3 Nf6 4. e5 Nfd7 5. Nce2 c5 6. c3 Nc6 7. f4 Qb6 8. Nf3 cxd4 9. cxd4 Bb4+ 10. Kf2 f6 11. Be3 fxe5 12. dxe5 Bc5 13. Nfd4 O-O 14. Kg3 Ncxe5 15. fxe5 Nxe5 16. Nf4 Ng6 17. Nxg6 hxg6 18. Be2 Qd6+ 19. Kh4 Qe5 20. Qd3 Bxd4 21. Bxd4 Rf4+ 22. g4 g5+ 23. Kh5 Rxd4 24. Qb5 g6+ 25. Kh6 Qg7+ 26. Kxg5 Kh7 27. Qe8 Bd7 0-1

[Event "IntService"]
[Site "?"]
[Date "1978.??.??"]
[Round "?"]
[White "Mushens, Arthur"]
[Black "Brameld, Arthur F"]
[Result "1/2-1/2"]
[WhiteElo "2040"]
[BlackElo "2125"]
[PlyCount "71"]
[EventDate "1978.??.??"]
[EventType "simul"]
[EventRounds "2"]

1. e4 Nf6 2. e5 Nd5 3. d4 d6 4. c4 Nb6 5. f4 dxe5 6. fxe5 Bf5 7. Be3 e6 8. Nc3 Bb4 9. Nf3 c5 10. a3 cxd4 11. Qxd4 Qxd4 12. Nxd4 Bxc3+ 13. bxc3 Nc6 14. Nxc6 bxc6 15. c5 Nd7 16. Bd4 Be4 17. Kf2 Rb8 18. Ke3 Bd5 19. Bd3 f6 20. Rhb1 Kf7 21. exf6 e5 22. c4 exd4+ 23. Kxd4 Be6 24. fxg7 Kxg7 25. Re1 Rhe8 26. Be4 Rbc8 27. Rab1 Rc7 28. Re3 Nf6 29. Bf3 Rd8+ 30. Kc3 Bf5 31. Rbe1 Kg6 32. h3 h5 33. g4 hxg4 34. hxg4 Bxg4 35. Bxg4 Nxg4 36. Rg3 1/2-1/2

[Event "FareCh"]
[Site "?"]
[Date "1978.??.??"]
[Round "?"]
[White "Brameld, Arthur F"]
[Black "Newbury, Martin"]
[Result "0-1"]
[WhiteElo "2125"]
[BlackElo "2060"]
[PlyCount "73"]
[EventDate "1978.??.??"]
[EventType "simul"]
[EventRounds "4"]

1. e4 c5 2. Nc3 e6 3. f4 d5 4. exd5 exd5 5. Bb5+ Nc6 6. Qe2+ Be7 7. Nf3 Nf6 8. Ne5 Qc7 9. O-O O-O 10. Bxc6 bxc6 11. d3 Re8 12. Bd2 Bd6 13. Rae1 Ng4 14. Qf3 Nxe5 15. fxe5 Rxe5 16. Rxe5 Bxe5 17. Na4 Bxh2+ 18. Kh1 Bd6 19. Bg5 Be6 20. Qh5 Qa5 21. Nc3 Qb4 22. Ne2 Qg4 23. Nf4 Qxh5+ 24. Nxh5 Bg4 25. Bf4 Bxf4 26. Nxf4 Re8 27. Kh2 f5 28. Rf2 g5 29. Nh3 h6 30. Ng1 f4 31. b3 Kg7 32. g3 f3 33. Nxf3 Rf8 34. Kg2 Bxf3+ 35. Rxf3 Rxf3 36. Kxf3 h5 37. c3 0-1

[Event "Hants Lge"]
[Site "?"]
[Date "1978.??.??"]
[Round "?"]
[White "Brameld, Arthur F"]
[Black "Crossin, Austin D"]
[Result "0-1"]
[WhiteElo "2125"]
[BlackElo "1805"]
[PlyCount "84"]
[EventDate "1978.??.??"]
[EventType "game"]

1. e4 e6 2. d4 d5 3. Nc3 Nf6 4. Bg5 dxe4 5. Nxe4 Be7 6. Bxf6 gxf6 7. Nf3 Nd7 8. Qd2 b6 9. Bc4 Bb7 10. d5 exd5 11. Bxd5 c6 12. Bb3 Qc7 13. O-O-O O-O-O 14. Nd6+ Bxd6 15. Qxd6 Rhg8 16. Qxc7+ Kxc7 17. Bxf7 Rxg2 18. Nd4 Nf8 19. f4 Rf2 20. f5 Rxd4 21. Rxd4 c5 22. Rd5 Bxd5 23. Bxd5 Rxf5 24. c4 b5 25. b3 Rf2 26. Kb1 b4 27. h4 Nd7 28. Rg1 Rh2 29. Rg7 Rxh4 30. Be6 Rd4 31. Rxh7 Kd8 32. Bxd7 Rxd7 33. Rh5 Rc7 34. Rd5+ Ke7 35. a4 Ke6 36. Kc2 Rc6 37. Kc1 f5 38. Kc2 f4 39. Rh5 Rd6 40. Rxc5 f3 41. Rh5 f2 42. Rh1 Ke5 0-1

[Event "FareCh"]
[Site "?"]
[Date "1978.??.??"]
[Round "?"]
[White "Craig, Jim"]
[Black "Brameld, Arthur F"]
[Result "0-1"]
[WhiteElo "2780"]
[BlackElo "2125"]
[PlyCount "72"]
[EventDate "1978.??.??"]
[EventType "simul"]
[EventRounds "4"]

1. e4 e5 2. Nf3 f5 3. Nxe5 Qf6 4. d4 d6 5. Nc4 fxe4 6. Be3 d5 7. Ncd2 c6 8. c4 Bb4 9. Qa4 Bxd2+ 10. Nxd2 Be6 11. Rc1 Ne7 12. Be2 Qg6 13. f4 Qxg2 14. Rg1 Qxh2 15. Rc3 Nf5 16. Nf1 Qh4+ 17. Bf2 Qxf4 18. Bg4 O-O 19. Be3 Nxe3 20. Bxe6+ Kh8 21. Nxe3 Qf2+ 22. Kd1 Qxg1+ 23. Kc2 Rf2+ 24. Kb3 dxc4+ 25. Qxc4 Na6 26. Bf5 Qh2 27. Rc2 Rxc2 28. Nxc2 Qg3+ 29. Qc3 Qxc3+ 30. bxc3 Re8 31. Ne3 g6 32. Bh3 Nc7 33. Kc4 Nd5 34. Ng4 e3 35. Ne5 Rxe5 36. dxe5 e2 0-1

[Event "CivServ"]
[Site "?"]
[Date "1978.??.??"]
[Round "?"]
[White "Govas, G."]
[Black "Brameld, Arthur F"]
[Result "1-0"]
[WhiteElo "2080"]
[BlackElo "2125"]
[PlyCount "72"]
[EventDate "1978.??.??"]
[EventType "game"]

1. d4 Nf6 2. Nf3 g6 3. g3 Bg7 4. Bg2 O-O 5. c4 c5 6. Nc3 cxd4 7. Nxd4 Nc6 8. Nc2 d6 9. O-O Be6 10. Ne3 Qd7 11. Ned5 Bh3 12. Nxf6+ Bxf6 13. Nd5 Bg7 14. Rb1 Bxg2 15. Kxg2 Qf5 16. Qd3 Qxd3 17. exd3 e6 18. Nc7 Rad8 19. Nb5 a6 20. Nc3 Rd7 21. a3 Na5 22. Ne2 Nb3 23. Be3 d5 24. cxd5 Rxd5 25. Rfd1 Rc8 26. Nc1 Nxc1 27. Rbxc1 Rxc1 28. Bxc1 {How the hell did I manage to lose this !!???} Rc5 29. b4 Rc3 30. Kf1 Rb3 31. Ke2 Bd4 32. Rd2 e5 33. Rc2 Kg7 34. f3 Bc3 35. f4 exf4 36. Rxc3 fxg3 1-0

[Event "Friendly"]
[Site "?"]
[Date "1978.??.??"]
[Round "?"]
[White "Lancashire, A."]
[Black "Brameld, Arthur F"]
[Result "1/2-1/2"]
[WhiteElo "1670"]
[BlackElo "2125"]
[PlyCount "83"]
[EventDate "1978.??.??"]
[EventType "game"]

1. e4 Nf6 2. Nc3 d5 3. e5 Ne4 4. Nxe4 dxe4 5. d3 Nc6 6. Bf4 exd3 7. Bxd3 Qd4 8. Bg3 Qxb2 9. Nf3 Qc3+ 10. Nd2 Nxe5 11. O-O Nxd3 12. cxd3 c6 13. Ne4 Qd4 14. Re1 Be6 15. a4 Rd8 16. Rb1 b6 17. Re3 h6 18. Qc2 c5 19. a5 f5 20. axb6 axb6 21. Rxb6 fxe4 22. Rxe4 Qxd3 23. Qxd3 Rxd3 24. Rbxe6 Kf7 25. Kf1 Rd4 26. Re3 h5 27. Rc6 e6 28. Rc8 Rh6 29. Be5 Be7 30. Rf3+ Rf6 31. Rxf6+ gxf6 32. Bxd4 cxd4 33. Ke2 e5 34. Rc6 Kg6 35. Re6 Bb4 36. h3 Kf5 37. Rb6 Bc3 38. g4+ hxg4 39. hxg4+ Kxg4 40. Rxf6 Kg5 41. Rf8 e4 42. f3 1/2-1/2

[Event "Hereford"]
[Site "?"]
[Date "1978.??.??"]
[Round "1"]
[White "Bevan, P."]
[Black "Brameld, Arthur F"]
[Result "0-1"]
[WhiteElo "1840"]
[BlackElo "2030"]
[PlyCount "110"]
[EventDate "1978.??.??"]
[EventType "simul"]
[EventRounds "5"]

1. c4 Nf6 2. Nc3 d5 3. cxd5 Nxd5 4. g3 Nxc3 5. bxc3 g6 6. Bg2 Bg7 7. Rb1 c6 8. d4 O-O 9. Nf3 Qa5 10. Qc2 Nd7 11. Bd2 e5 12. c4 Qc7 13. dxe5 Nxe5 14. O-O Bf5 15. e4 Bh3 16. Nxe5 Bxg2 17. Kxg2 Bxe5 18. f4 Bd4 19. f5 b6 20. Bh6 Rfe8 21. fxg6 hxg6 22. Qd3 Qe5 23. Rbe1 Rad8 24. Qf3 Rd7 25. Qg4 Qe6 26. Qxe6 Rxe6 27. g4 Bg7 28. Bxg7 Kxg7 29. Rf3 Rd2+ 30. Rf2 Rd4 31. Ref1 Re7 32. c5 bxc5 33. Rf6 Rdxe4 34. Rxc6 Rxg4+ 35. Kh3 Rc4 36. Rf3 Rc2 37. Ra3 Ree2 38. Rxa7 Rxh2+ 39. Kg3 Rxa2 40. Rac7 Rhc2 41. Kf4 Ra4+ 42. Ke3 Rd4 43. Ra7 Rc3+ 44. Ke2 c4 45. Rcc7 Rf4 46. Ra5 Rcf3 47. Kd2 c3+ 48. Kc2 Rg4 49. Kb3 Rgg3 50. Rcc5 Kh6 51. Ra8 f5 52. Rc6 Rg2 53. Rxc3 Rxc3+ 54. Kxc3 Rg4 55. Kd3 Re4 0-1

[Event "Hereford"]
[Site "?"]
[Date "1978.??.??"]
[Round "2"]
[White "Brameld, Arthur F"]
[Black "Whiteley, Andrew"]
[Result "0-1"]
[WhiteElo "2030"]
[BlackElo "2350"]
[PlyCount "62"]
[EventDate "1978.??.??"]
[EventType "simul"]
[EventRounds "5"]

1. e4 c5 2. Nf3 d6 3. d4 cxd4 4. Qxd4 a6 5. Be3 Nf6 6. Nc3 Ng4 7. Qb6 Nxe3 8. Qxd8+ Kxd8 9. fxe3 Nc6 10. O-O-O f6 11. e5 Nxe5 12. Nxe5 fxe5 13. Ne4 Be6 14. Ng5 Bg8 15. Be2 g6 16. Rhf1 Bh6 17. h4 Rc8 18. b3 Bxg5 19. hxg5 Be6 20. Rh1 Kd7 21. g4 e4 22. Rd4 Rc5 23. c4 b5 24. Kd2 bxc4 25. bxc4 Rb8 26. Rxh7 Rb2+ 27. Ke1 Rxg5 28. Rxe4 Ra5 29. Rh2 Raxa2 30. Rd4 Rc2 31. e4 Bxc4 0-1

[Event "Hereford"]
[Site "?"]
[Date "1978.??.??"]
[Round "3"]
[White "Burton, C."]
[Black "Brameld, Arthur F"]
[Result "1/2-1/2"]
[WhiteElo "2180"]
[BlackElo "2030"]
[PlyCount "81"]
[EventDate "1978.??.??"]
[EventType "simul"]
[EventRounds "5"]

1. d4 Nf6 2. c4 e6 3. Nc3 Bb4 4. e3 b6 5. Bd3 Bb7 6. Nf3 Ne4 7. O-O Bxc3 8. bxc3 O-O 9. Qc2 f5 10. a4 Nc6 11. Rb1 Na5 12. Nd2 Nxd2 13. Bxd2 Qh4 14. f3 Ba6 15. c5 Nc4 16. Be1 Qh6 17. Qe2 Nxe3 18. Bxa6 Nxf1 19. Qxf1 bxc5 20. dxc5 Rab8 21. Rb4 Qc1 22. Bc4 a5 23. Rb5 c6 24. Rb6 Qa3 25. Qf2 Qxa4 26. Qd4 Qa1 27. Qe5 Rxb6 28. cxb6 Qb1 29. b7 Qxb7 30. Qxa5 Qb1 31. Qe5 Ra8 32. h3 Ra1 33. Kf2 Qc2+ 34. Kg3 f4+ 35. Kh2 Qb1 36. Bxe6+ dxe6 37. Qxe6+ Kf8 38. Qd6+ Kg8 39. Qd8+ Kf7 40. Qd7+ Kf8 41. Qd6+ 1/2-1/2

[Event "Hereford"]
[Site "?"]
[Date "1978.??.??"]
[Round "4"]
[White "Brameld, Arthur F"]
[Black "Crampton, J."]
[Result "1/2-1/2"]
[WhiteElo "2030"]
[BlackElo "2080"]
[PlyCount "38"]
[EventDate "1978.??.??"]
[EventType "simul"]
[EventRounds "5"]

1. e4 d6 2. d4 Nf6 3. Nc3 g6 4. f4 Bg7 5. Bd3 e5 6. fxe5 dxe5 7. dxe5 Ng4 8. Bb5+ c6 9. Qxd8+ Kxd8 10. Bg5+ Kc7 11. Bc4 Be6 12. Bxe6 fxe6 13. Nf3 Nd7 14. Rd1 Rae8 15. h3 Ngxe5 16. Bf4 Kc8 17. O-O Rhf8 18. Nxe5 Nxe5 19. Ne2 Rd8 1/2-1/2

[Event "Hereford"]
[Site "?"]
[Date "1978.??.??"]
[Round "5"]
[White "Martin, Andrew D"]
[Black "Brameld, Arthur F"]
[Result "1/2-1/2"]
[WhiteElo "2295"]
[BlackElo "2030"]
[PlyCount "72"]
[EventDate "1978.??.??"]
[EventType "simul"]
[EventRounds "5"]

1. g4 d6 2. Bg2 e5 3. h4 c6 4. g5 h6 5. d3 hxg5 6. hxg5 Rxh1 7. Bxh1 Be7 8. Nf3 Bg4 9. Qd2 Na6 10. Nc3 Nc7 11. d4 Bxf3 12. Bxf3 exd4 13. Qxd4 Ne6 14. Qb4 Qb6 15. Qg4 Qa5 16. Qg2 O-O-O 17. g6 fxg6 18. Bg4 Kd7 19. Qh3 Qe5 20. f4 Qf6 21. Ne4 Qh4+ 22. Kf1 Qxh3+ 23. Bxh3 Nh6 24. Ng3 Bh4 25. Kg2 Bxg3 26. Kxg3 Nf5+ 27. Kf2 Rh8 28. Kg2 d5 29. c4 d4 30. Bd2 Rh4 31. Rf1 c5 32. Rf3 b6 33. e4 dxe3 34. Bxe3 Kc6 35. Kf2 Ned4 36. Bxf5 Nxf5 1/2-1/2

[Event "Ports Lge"]
[Site "?"]
[Date "1978.??.??"]
[Round "?"]
[White "Charvill, John"]
[Black "Brameld, Arthur F"]
[Result "0-1"]
[WhiteElo "1940"]
[BlackElo "2030"]
[PlyCount "52"]
[EventDate "1978.??.??"]
[EventType "swiss"]

1. Nf3 f5 2. d4 Nf6 3. e3 e6 4. Bc4 d5 5. Bb3 Be7 6. Nbd2 O-O 7. Ne5 Nc6 8. Ndf3 Nxe5 9. Nxe5 Bd6 10. Nd3 Ne4 11. g3 Qg5 12. Qf3 b6 13. O-O Ba6 14. Rd1 Qh6 15. c3 g5 16. Bc2 Rf7 17. Ne5 Bxe5 18. dxe5 g4 19. Qf4 Ng5 20. Kh1 Be2 21. h4 gxh3 22. e4 Rg7 23. Re1 Qh5 24. exf5 h2 25. Rxe2 Qxe2 26. Bd2 Nh3 0-1

[Event "Ports Lge"]
[Site "?"]
[Date "1978.??.??"]
[Round "?"]
[White "Brameld, Arthur F"]
[Black "McDougall, William M"]
[Result "1-0"]
[WhiteElo "2030"]
[BlackElo "2020"]
[PlyCount "59"]
[EventDate "1978.??.??"]
[EventType "swiss"]

1. e4 c5 2. Nf3 e6 3. d4 cxd4 4. Nxd4 Nf6 5. Nc3 d6 6. Be3 Be7 7. Bc4 Qc7 8. Bb3 a6 9. Qe2 b5 10. f3 O-O 11. O-O-O Nc6 12. g4 Na5 13. h4 Nxb3+ 14. axb3 b4 15. Na4 Bd7 16. g5 Nh5 17. Rdg1 Bxa4 18. bxa4 g6 19. f4 d5 20. exd5 Nxf4 21. Qg4 Nxd5 22. Bd2 Rac8 23. h5 e5 24. hxg6 fxg6 (24... exd4 $142 25. gxh7+ Kh8 26. Qxd4+ Bf6 27. Qd3 Bg7 $17) 25. Qe6+ Rf7 26. Rxh7 Bxg5 27. Qxg6+ Rg7 28. Rxg7+ Qxg7 29. Qe6+ Kh7 30. Rh1+ 1-0

[Event "NatClub"]
[Site "?"]
[Date "1978.??.??"]
[Round "?"]
[White "Dingwall, F."]
[Black "Brameld, Arthur F"]
[Result "1/2-1/2"]
[WhiteElo "1975"]
[BlackElo "2030"]
[PlyCount "43"]
[EventDate "1978.??.??"]
[EventType "game"]

1. e4 Nf6 2. e5 Nd5 3. d4 d6 4. c4 Nb6 5. exd6 cxd6 6. Nc3 g6 7. Nf3 Bg7 8. Be3 O-O 9. Be2 Bg4 10. h3 Bxf3 11. Bxf3 Nc6 12. b3 e5 13. d5 Nd4 14. Rc1 Nf5 15. Bd2 Nd7 16. Ne4 Nf6 17. O-O Nxe4 18. Bxe4 Nd4 19. Be3 Qh4 20. Bxd4 exd4 21. Bf3 b6 22. Re1 1/2-1/2

[Event "SRCSSC"]
[Site "?"]
[Date "1978.??.??"]
[Round "?"]
[White "Brameld, Arthur F"]
[Black "Corallo, D."]
[Result "1/2-1/2"]
[WhiteElo "2030"]
[BlackElo "1815"]
[PlyCount "43"]
[EventDate "1978.??.??"]
[EventType "game"]

1. e4 e6 2. d4 d5 3. Nc3 Bb4 4. Nge2 dxe4 5. a3 Be7 6. Nxe4 Bd7 7. N2c3 Bc6 8. Be3 Nf6 9. Bd3 Nbd7 10. O-O O-O 11. Ng3 Re8 12. f4 Nf8 13. f5 exf5 14. Nxf5 Ng6 15. Bg5 Nd5 16. Bxe7 Ndxe7 17. Bc4 Nd5 18. Qh5 Nf6 19. Qg5 Nd5 20. Qh5 Nf6 21. Qg5 Nd5 22. Qh5 1/2-1/2

[Event "Ports Lge"]
[Site "?"]
[Date "1978.??.??"]
[Round "?"]
[White "Brameld, Arthur F"]
[Black "Gibson, Dave"]
[Result "1-0"]
[WhiteElo "2030"]
[BlackElo "1840"]
[PlyCount "87"]
[EventDate "1978.??.??"]
[EventType "swiss"]

1. e4 e6 2. d4 d5 3. Nc3 Bb4 4. Nge2 c5 5. a3 Bxc3+ 6. Nxc3 dxe4 7. dxc5 Qxd1+ 8. Kxd1 f5 9. Nb5 Kd7 10. Bc4 Na6 11. Ke2 Nf6 12. Rd1+ Ke7 13. Bf4 Bd7 14. Bd6+ Kf7 15. Nd4 Rac8 16. b4 Nd5 17. Kf1 Kf6 18. Bxa6 bxa6 19. c4 Ne7 20. a4 e5 21. Nc2 Be6 22. Ne3 Nc6 23. b5 axb5 24. axb5 Nd4 25. Rxa7 f4 26. Nd5+ Bxd5 27. cxd5 Nxb5 28. Ra6 Nxd6 29. Rxd6+ Kf5 30. c6 Rc7 31. Rb1 Ra8 32. Rb3 Ra1+ 33. Ke2 Rca7 34. Rb2 R1a5 35. Rc2 Rc7 36. Rd8 Ra6 37. Rf8+ Kg4 38. h3+ Kh5 39. d6 Raxc6 40. Rxc6 Rxc6 41. d7 Rd6 42. d8=Q Rxd8 43. Rxd8 Kg5 44. Rf8 1-0

[Event "IntService"]
[Site "?"]
[Date "1978.??.??"]
[Round "?"]
[White "Brameld, Arthur F"]
[Black "Young, D."]
[Result "1-0"]
[WhiteElo "2030"]
[BlackElo "1800"]
[PlyCount "39"]
[EventDate "1978.??.??"]
[EventType "simul"]
[EventRounds "2"]

1. e4 g6 2. d4 Bg7 3. Nc3 d6 4. f4 Nf6 5. Bd3 Bg4 6. Nf3 O-O 7. h3 Bxf3 8. Qxf3 Re8 9. e5 dxe5 10. dxe5 Nh5 11. g4 Nxf4 12. Bxf4 c6 13. O-O-O Qb6 14. e6 f6 15. h4 Rf8 16. h5 g5 17. Bxb8 Raxb8 18. h6 Bh8 19. Bxh7+ Kxh7 20. Qf5+ 1-0